| 000 | 00873nam a2200265 a 4500 | ||
|---|---|---|---|
| 001 | 637897 | ||
| 003 | NUST - PNEC | ||
| 005 | 20170116181044.0 | ||
| 008 | 940525s1994 nyua b 001 0 eng | ||
| 010 | _a 93079558 | ||
| 020 | _a0070389950 | ||
| 040 | _cLIBRARY | ||
| 050 | 0 | 0 |
_aT58.6 _b.L815 1994 |
| 082 | 0 | 0 | _a658.40388 LUC |
| 100 | 1 | _aLucas, Henry C. | |
| 245 | 1 | 0 |
_aInformation systems concepts for management / _cHenry C. Lucas, Jr. |
| 250 | _a5th ed. | ||
| 260 |
_aNew York : _bMitchell McGraw-Hill, _cc1994. |
||
| 300 |
_axii, 660 p. : _bill. ; _c25 cm. |
||
| 504 | _aIncludes bibliographical references (p. 645-648) and index. | ||
| 650 | 0 |
_aManagement information systems. _xMIS |
|
| 906 |
_a7 _bcbc _corignew _d2 _eopcn _f19 _gy-gencatlg |
||
| 942 |
_2ddc _cBK |
||
| 999 |
_c68183 _d68183 |
||